000 04299nam a22004697a 4500
005 20120118114858.0
010 _aB-470586-606
020 _a9781445431420
_c250.00
035 _aB-470586-606
037 _adpl
_bBlue Berry/Ven
082 _a612
100 _aParker, Steve
_952669
245 _aHuman body encyclopedia:
_cby Steve Parker
260 _aBath BK, UK.
_bParragon
_c2011
260 _aMumbai:
_bShree Book Centre, Dist.
_c2011
270 _aQuen Street House, 4 Queen Street,
_bBath BAI IHE, UK
300 _a144p.
_c24 cm (Hb)
500 _aInclude index
942 _2ddc
_cCH
_mPAR
_h612
999 _c61069
_d61069